<?xml version="1.0" encoding="UTF-8"?>
<marc:record xmlns:marc="http://www.loc.gov/MARC21/slim">
   <marc:leader>00000nam a2200000 a 4500</marc:leader>
   <marc:datafield ind1="1" ind2=" " tag="100">
      <marc:subfield code="a">Fitzek, Sebastian</marc:subfield>
      <marc:subfield code="4">aut</marc:subfield>
      <marc:subfield code="e">Verfasser/-in</marc:subfield>
   </marc:datafield>
   <marc:datafield ind1="1" ind2=" " tag="100">
      <marc:subfield code="a">Beisenherz, Micky</marc:subfield>
      <marc:subfield code="4">aut</marc:subfield>
      <marc:subfield code="e">Verfasser/-in</marc:subfield>
   </marc:datafield>
   <marc:datafield ind1=" " ind2=" " tag="653">
      <marc:subfield code="a">Deutsche Literatur</marc:subfield>
   </marc:datafield>
   <marc:datafield ind1=" " ind2=" " tag="653">
      <marc:subfield code="a">Psychiatriepatient mit einem diabolischen Angebot</marc:subfield>
   </marc:datafield>
   <marc:datafield ind1=" " ind2=" " tag="653">
      <marc:subfield code="a">Literaturagent mit einem außergewöhnlichen Sinn fü</marc:subfield>
   </marc:datafield>
   <marc:datafield ind1=" " ind2=" " tag="653">
      <marc:subfield code="a">Sinn für Humor</marc:subfield>
   </marc:datafield>
   <marc:datafield ind1=" " ind2=" " tag="653">
      <marc:subfield code="a">ein Leben, das von einem Buch abhängt</marc:subfield>
   </marc:datafield>
   <marc:datafield ind1=" " ind2=" " tag="653">
      <marc:subfield code="a">Buch, das erst noch geschrieben werden muss</marc:subfield>
   </marc:datafield>
   <marc:datafield ind1="0" ind2="0" tag="245">
      <marc:subfield code="a">Schreib oder stirb</marc:subfield>
   </marc:datafield>
   <marc:datafield ind1="0" ind2="0" tag="245">
      <marc:subfield code="b">Thriller</marc:subfield>
   </marc:datafield>
   <marc:datafield ind1="0" ind2="0" tag="245">
      <marc:subfield code="c">Fitzek, Sebastian</marc:subfield>
   </marc:datafield>
   <marc:datafield ind1=" " ind2="1" tag="264">
      <marc:subfield code="a">München</marc:subfield>
      <marc:subfield code="b">Droemer</marc:subfield>
      <marc:subfield code="c">2022</marc:subfield>
   </marc:datafield>
   <marc:datafield ind1="1" ind2=" " tag="520">
      <marc:subfield code="a">Schreib oder stirb: Fitzek-Thrill meets Beisenherz-Humor! Carl Vorlau, mysteriöser Patient einer psychiatrischen Privatklinik, behauptet, vor Monaten die siebenjährige Pia entführt und an einen geheimen Ort verschleppt zu haben. Über seine Tat will Vorlau nur mit einem einzigen Menschen reden - dem ebenso humorvollen wie unkonventionell arbeitenden Literaturagenten David Dolla, dem Vorlau ein diabolisches Angebot macht: Der Agent soll ihm einen Verlagsvorschuss von einer Million Euro verschaffen, für einen Thriller mit dem Titel Ich töte was, was du nicht siehst. Ein Geständnis in Form eines True-Crime-Romans über das Schicksal der kleinen Pia! Als Belohnung verspricht Vorlau, Dolla zu einem Helden zu machen, der das Mädchen in letzter Sekunde vor dem sicheren Tod rettet. Sollte Dolla den Auftrag jedoch ablehnen, will Vorlau nicht nur Pia sterben lassen, sondern auch das Leben des Agenten für immer zerstören  Klingt nach einem typischen Psychothriller?  Stimmt. Aber auch wieder nicht. Denn die Hauptfiguren von Schreib oder stirb sind noch außergewöhnlicher als das neue Autorenduo selbst: Sebastian Fitzek &amp; Micky Beisenherz. Wir wollten etwas schreiben, was es so noch nie gab: eine Geschichte, über die man auf der einen Seite herzhaft lachen kann - und beim Umblättern bleibt einem genau dieses Lachen vor Spannung im Halse stecken![Verlagsmeldung]</marc:subfield>
   </marc:datafield>
   <marc:datafield ind1=" " ind2=" " tag="020">
      <marc:subfield code="a">9783426282731</marc:subfield>
      <marc:subfield code="9">9783426282731</marc:subfield>
   </marc:datafield>
   <marc:datafield ind1=" " ind2=" " tag="020">
      <marc:subfield code="a">3426282739</marc:subfield>
      <marc:subfield code="9">3426282739</marc:subfield>
   </marc:datafield>
   <marc:datafield ind1=" " ind2=" " tag="041">
      <marc:subfield code="a">ger</marc:subfield>
   </marc:datafield>
   <marc:datafield ind1=" " ind2=" " tag="338">
      <marc:subfield code="a">Band</marc:subfield>
   </marc:datafield>
   <marc:datafield ind1=" " ind2=" " tag="300">
      <marc:subfield code="a">332 S.</marc:subfield>
   </marc:datafield>
</marc:record>
